LEADER 00659nam0-22002651i-450- 001 990003957360403321 035 $a000395736 035 $aFED01000395736 035 $a(Aleph)000395736FED01 035 $a000395736 100 $a20030429d1977----km-y0itay50------ba 101 0 $agb 102 $aGB 200 1 $aMeasuring inequqlity 205 $aPhilip Allan 210 $aOxford 215 $a193 p.$ccon grafici$d22 cm 700 1$aCowell,$bF. A.$0117649 801 0$aIT$bUNINA$gRICA$2UNIMARC 901 $aBK 912 $a990003957360403321 952 $aD6.40$b1802$fDECTS 959 $aDECTS 996 $aMeasuring inequqlity$9513195 997 $aUNINA